| 000 | 01192nam0a22002891 4500 | ||
|---|---|---|---|
| 001 | v19\rc\1874197 | ||
| 005 | 20251118180251.1 | ||
| 035 | _a(NLR Aleph) 004964812 | ||
| 090 |
_a6022252 _c6022252 |
||
| 100 | _a20080221d1914 u y0rusy50 ca | ||
| 101 | 0 | _arus | |
| 102 | _aRU | ||
| 105 | _ay z ||||| | ||
| 200 | 1 |
_aРучной труд из бумаги и папки в общеобразовательных школах _eПрогр. работ _fН.В. Касаткин, преп. руч. труда в Моск. учит. ин-те и коммерч. уч-щах М.О.Р.К.О. |
|
| 205 | _a2-е изд. | ||
| 210 |
_aМосква _cтип. т-ва И.Д. Сытина _d1914 |
||
| 215 |
_a24 с. _d22 |
||
| 300 | _aВ примеч.: Настоящая статья была напеч. сначала в журн. "Для народного учителя" 1909 г., № 8 и 9 | ||
| 700 | 1 |
_aКасаткин _bН.В. _f1866- _gНиколай Вениаминович |
|
| 801 | 0 |
_aRU _bNLR _gpsbo |
|
| 801 | 0 |
_aRU _bRuMoRGB _2psbo |
|
| 801 | 1 |
_aRU _bProSoft-M _2rusmarc |
|
| 852 |
_aNLR _j18.334.2.224 |
||
| 899 |
_aRuMoRGB _jV 94/529 |
||
| 899 | _aБАН | ||
| 942 | _cBOOK | ||
| 980 | _aNB | ||